Asamiya jibani aru atmajivani adhyan (Record no. 10094)
[ view plain ]
| 000 -LEADER | |
|---|---|
| fixed length control field | 00599cam a2200205ua 4500 |
| 001 - CONTROL NUMBER | |
| control field | 11243 |
| 005 - DATE AND TIME OF LATEST TRANSACTION | |
| control field | 20260515114728.0 |
| 008 - FIXED-LENGTH DATA ELEMENTS--GENERAL INFORMATION | |
| fixed length control field | 190904n ii |||gr||||Z||||||asm |
| 020 ## - INTERNATIONAL STANDARD BOOK NUMBER | |
| International Standard Book Number | 9788172133429 |
| 040 ## - CATALOGING SOURCE | |
| Transcribing agency | MAIN |
| 082 ## - DEWEY DECIMAL CLASSIFICATION NUMBER | |
| Classification number | 891.4514 |
| 100 ## - MAIN ENTRY--PERSONAL NAME | |
| Personal name | Amal Ch. Das., |
| Relator term | Editor. |
| 245 ## - TITLE STATEMENT | |
| Title | Asamiya jibani aru atmajivani adhyan |
| Statement of responsibility, etc. | Edited by Amal Ch. Das |
| 250 ## - EDITION STATEMENT | |
| Edition statement | 1st ed. |
| 260 ## - PUBLICATION, DISTRIBUTION, ETC. | |
| Place of publication, distribution, etc. | Guwahati: |
| Name of publisher, distributor, etc. | Purbanchal Prakash, |
| Date of publication, distribution, etc. | 2018. |
| 300 ## - PHYSICAL DESCRIPTION | |
| Extent | 303p. |
| 653 ## - INDEX TERM--UNCONTROLLED | |
| Uncontrolled term | East Indo-European & Celtic literatures |
| 653 ## - INDEX TERM--UNCONTROLLED | |
| Uncontrolled term | A book on biography and autobiography in assamese literature |
| 942 ## - ADDED ENTRY ELEMENTS (KOHA) | |
| Koha item type | Books |
| Withdrawn status | Lost status | Damaged status | Not for loan | Home library | Current library | Shelving location | Date acquired | Total checkouts | Full call number | Barcode | Date last seen | Date last checked out | Copy number | Price effective from | Koha item type |
|---|---|---|---|---|---|---|---|---|---|---|---|---|---|---|---|
| Naharkatiya College Library | Naharkatiya College Library | General stacks | 09/19/2020 | 7 | 891.4514Assamese Literature | DAS | 26763 | 05/06/2023 | 04/12/2023 | 1 | 09/19/2020 | Books | ||||
| Naharkatiya College Library | Naharkatiya College Library | General stacks | 09/19/2020 | 5 | 891.4514Assamese Literature | DAS | 26764 | 06/25/2022 | 06/13/2022 | 2 | 09/19/2020 | Books |